[Event "Chioggia op-B 13th"]
[Site "Chioggia"]
[Date "2018.09.30"]
[Round "4"]
[White "Bordin, Silvia"]
[Black "Luu, Marianna"]
[Result "1-0"]
[WhiteElo "1810"]
[BlackElo "1610"]
[PlyCount "109"]
[EventDate "2018.09.28"]
[EventType "swiss"]
[EventRounds "5"]
[EventCountry "ITA"]
[SourceTitle "EXT 2022"]
[Source "ChessBase"]
[SourceDate "2021.10.06"]
[SourceVersion "1"]
[SourceVersionDate "2021.10.06"]
[SourceQuality "1"]

1. e4 e5 2. Nf3 Nc6 3. d4 exd4 4. Bc4 Nf6 5. e5 d5 6. Bb5 Ne4 7. Nxd4 Bd7 8. Bxc6 bxc6 9. 0-0 Bc5 10. f3 Ng5 11. Be3 Ne6 12. f4 Qh4 13. c3 0-0 14. f5 Ng5 15. Rf4 Qh6 16. Qe1 Bxd4 17. cxd4 Nh3+ 18. gxh3 Qxh3 19. Qg3 Bxf5 20. Qxh3 Bxh3 21. Nc3 Rab8 22. b3 Rfe8 23. Kf2 Rbd8 24. Na4 h6 25. Rc1 Bd7 26. Nc5 Bc8 27. Ke2 Re7 28. Kd2 Rde8 29. Re1 Kh7 30. Rf3 Bg4 31. Rg3 Bc8 32. Rf1 Rf8 33. Rgf3 Kg8 34. Kd3 Rfe8 35. Bd2 h5 36. Bg5 Bg4 37. Bxe7 Bxf3 38. Rxf3 Rxe7 39. Rf5 Kh7 40. Rxh5+ Kg6 41. Rh8 f6 42. e6 f5 43. Rd8 Kf6 44. Rd7 g5 45. Rxe7 Kxe7 46. Ke3 Kf6 47. Kf3 Ke7 48. Kg3 Kf6 49. h4 f4+ 50. Kg4 gxh4 51. Kxf4 h3 52. Kg3 h2 53. Kxh2 Ke7 54. Kg3 Kf6 55. Kf4 1-0